[Event "Sachsen-Anhalt Verbandsliga 18/19"]
[Site "Sachsen Anhalt"]
[Date "2018.11.11"]
[Round "2.6"]
[White "Bundrock, Thomas"]
[Black "Heyne, Jan Hendrik"]
[Result "1-0"]
[WhiteElo "2180"]
[BlackElo "1890"]
[PlyCount "91"]
[EventDate "2018.10.21"]
[EventType "team-tourn"]
[EventRounds "9"]
[EventCountry "GER"]
[SourceTitle "EXT 2022"]
[Source "ChessBase"]
[SourceDate "2021.10.06"]
[SourceVersion "1"]
[SourceVersionDate "2021.10.06"]
[SourceQuality "1"]
[WhiteTeam "Magdeburg USC"]
[BlackTeam "Magdeburg Aufbau Elbe II"]
[WhiteTeamCountry "GER"]
[BlackTeamCountry "GER"]

1. e4 e5 2. Nf3 Nc6 3. d4 exd4 4. Bc4 Nf6 5. 0-0 d6 6. Nxd4 Nxd4 7. Qxd4 Be7 8. Nc3 0-0 9. h3 a6 10. a4 Bd7 11. b3 Bc6 12. Bb2 Ne8 13. Rad1 Bf6 14. Qd3 Rb8 15. a5 Qe7 16. Rfe1 Qe5 17. b4 Qg5 18. Bc1 Qg6 19. Nd5 Bxd5 20. Bxd5 Be5 21. f4 Bf6 22. Qf3 Bh4 23. Re3 c6 24. Bb3 Nc7 25. Red3 d5 26. f5 dxe4 27. Qxe4 Qf6 28. Qg4 Rfd8 29. g3 Rxd3 30. Rxd3 Qa1 31. Rd1 Bd8 32. Bg5 h5 33. Qf3 Qxd1+ 34. Qxd1 Bxg5 35. Qxh5 Be3+ 36. Kf1 Nb5 37. f6 Bd4 38. fxg7 Bxg7 39. Qg5 Re8 40. h4 Nd4 41. h5 Re1+ 42. Kg2 Re2+ 43. Kh3 Rf2 44. Qe3 Rf3 45. Qe8+ Bf8 46. h6 1-0

[Event "Sachsen-Anhalt Landesliga A 18/19"]
[Site "Sachsen Anhalt"]
[Date "2018.09.23"]
[Round "1.2"]
[White "Heyne, Jan Hendrik"]
[Black "Hoffmann, Uwe"]
[Result "0-1"]
[WhiteElo "1890"]
[BlackElo "2132"]
[PlyCount "80"]
[EventDate "2018.09.23"]
[EventType "team-tourn"]
[EventRounds "9"]
[EventCountry "GER"]
[SourceTitle "EXT 2022"]
[Source "ChessBase"]
[SourceDate "2021.10.06"]
[SourceVersion "1"]
[SourceVersionDate "2021.10.06"]
[SourceQuality "1"]
[WhiteTeam "Magdeburg Aufbau Elbe IV"]
[BlackTeam "Magdeburg Rochade II"]
[WhiteTeamCountry "GER"]
[BlackTeamCountry "GER"]

1. d4 d5 2. c4 e6 3. Nf3 c6 4. Nc3 f5 5. g3 Nf6 6. Bg2 Bd6 7. 0-0 0-0 8. Nd2 b6 9. Qb3 Bb7 10. a4 Nbd7 11. cxd5 exd5 12. e4 fxe4 13. Ndxe4 Nxe4 14. Nxe4 Be7 15. Bf4 Kh8 16. Nd2 Bf6 17. Nf3 c5 18. Bd6 Be7 19. Bxe7 Qxe7 20. a5 Qd6 21. dxc5 Nxc5 22. Qb4 Qf6 23. Rad1 Ba6 24. axb6 Bxf1 25. b7 Nxb7 26. Kxf1 Qb6 27. Qd2 Nc5 28. Ng5 Ne4 29. Bxe4 dxe4 30. Kg1 h6 31. Nxe4 Rab8 32. Nd6 Qxb2 33. Qe1 Qf6 34. Ne4 Qe5 35. f4 Qe6 36. Rd6 Qe7 37. Rd5 Rbc8 38. Re5 Qa3 39. Qe2 Qc1+ 40. Kg2 Rc2 0-1

[Event "Sachsen-Anhalt Verbandsliga 2017/18"]
[Site "Sachsen Anhalt"]
[Date "2018.02.25"]
[Round "6.7"]
[White "Heyne, Jan Hendrik"]
[Black "Buescher, Sven"]
[Result "0-1"]
[WhiteElo "1852"]
[BlackElo "1758"]
[PlyCount "76"]
[EventDate "2017.12.22"]
[EventType "team-tourn"]
[EventRounds "9"]
[EventCountry "GER"]
[SourceTitle "EXT 2020"]
[Source "ChessBase"]
[SourceDate "2019.10.17"]
[SourceVersion "1"]
[SourceVersionDate "2019.10.17"]
[SourceQuality "1"]
[WhiteTeam "Magdeburg Aufbau Elbe II"]
[BlackTeam "Merseburg"]
[WhiteTeamCountry "GER"]
[BlackTeamCountry "GER"]

1. d4 e6 2. c4 d5 3. Nf3 Nf6 4. g3 c6 5. Bg2 Nbd7 6. Nbd2 Bd6 7. 0-0 0-0 8. Qc2 Re8 9. e4 dxe4 10. Nxe4 Bc7 11. Rd1 Qe7 12. b3 Nxe4 13. Qxe4 e5 14. Re1 Nf6 15. Qc2 e4 16. Bg5 h6 17. Bxf6 gxf6 18. Nd2 f5 19. Nf1 Qf6 20. Rad1 Ba5 21. Re2 Be6 22. a3 Rad8 23. Qc1 Kh7 24. g4 Rxd4 25. Ng3 Red8 26. Rxd4 Rxd4 27. gxf5 Bxf5 28. Nxf5 Qxf5 29. Qc2 Qf6 30. Bxe4+ Kg7 31. b4 Bc7 32. f3 Qh4 33. Rg2+ Kf8 34. Qe2 Qf4 35. Bh7 Be5 36. Rg8+ Ke7 37. Qc2 Rd2 38. Qb3 Qxh2+ 0-1

[Event "Niedersachsen-ch op"]
[Site "Verden"]
[Date "2009.01.05"]
[Round "6"]
[White "Klein, Raimund"]
[Black "Heyne, Jan Hendrik"]
[Result "1-0"]
[WhiteElo "2015"]
[BlackElo "1597"]
[PlyCount "31"]
[EventDate "2009.01.03"]
[EventType "swiss"]
[EventRounds "7"]
[EventCountry "GER"]
[SourceTitle "EXT 2012"]
[Source "ChessBase"]
[SourceDate "2011.11.24"]
[SourceVersion "1"]
[SourceVersionDate "2011.11.24"]
[SourceQuality "1"]

1. e4 c5 2. d4 cxd4 3. c3 dxc3 4. Nxc3 d6 5. Nf3 Nc6 6. Bc4 a6 7. e5 dxe5 8. Qxd8+ Nxd8 9. Nd5 Ne6 10. Nb6 Rb8 11. Nxe5 Nf6 12. 0-0 g6 13. Re1 Nd8 14. Bf4 Nh5 15. Ned7 Nxf4 16. Nf6# 1-0

[Event "Niedersachsen-ch"]
[Site "Verden"]
[Date "2008.01.04"]
[Round "4"]
[White "Dang, An Hai"]
[Black "Heyne, Jan Hendrik"]
[Result "0-1"]
[WhiteElo "1273"]
[BlackElo "1546"]
[PlyCount "74"]
[EventDate "2008.01.03"]
[EventType "swiss"]
[EventRounds "7"]
[EventCountry "GER"]
[SourceTitle "EXT 2010"]
[Source "ChessBase"]
[SourceDate "2010.11.25"]
[SourceVersion "1"]
[SourceVersionDate "2010.11.25"]
[SourceQuality "1"]

1. e4 e6 2. Nf3 d5 3. exd5 exd5 4. d4 Bd6 5. c4 Nf6 6. Nc3 0-0 7. Be2 dxc4 8. 0-0 Nc6 9. Bxc4 Bg4 10. Bg5 Be7 11. Be2 Bxf3 12. Bxf3 Nxd4 13. Rb1 Nxf3+ 14. Qxf3 c6 15. Rbd1 Qc7 16. h3 Rad8 17. Rxd8 Rxd8 18. Re1 h6 19. Bh4 Qd7 20. Qe2 Kf8 21. Ne4 Nxe4 22. Qxe4 Bxh4 23. Qh7 f5 24. Re5 Bf6 25. Rxf5 Kf7 26. Rf3 Qe7 27. Qc2 Qe1+ 28. Kh2 Qd1 29. Qc4+ Qd5 30. Qa4 Kg8 31. Qxa7 Be5+ 32. Rg3 Bxg3+ 33. fxg3 Qb5 34. Qa3 Rd3 35. Qa8+ Kh7 36. Qe8 Qd5 37. Qe7 Rd2 0-1